000 00641nam a2200181Ia 4500
008 100920s9999 xx 000 0 und d
082 _b105752
_a200 न 09
100 _aके स्पेंन्सर.
245 _aसाईबाबंचे दिव्यसंदेश.
260 _bसाकेत,औरंगाबाद.
_c2009
300 _a128
_bसाधी
365 _b95
520 _aधार्मिक.
630 _aसाईबाबंचे दिव्यसंदेश.
650 _aधार्मिक.
730 _aसाईबाबंचे दिव्यसंदेश.
942 _cBOOK
999 _c746183
_d746180